Statystyki dla Flaga która...

Kliknij tutaj aby rozwiązać quiz!

Ogólne statystyki

  • Ten quiz został rozwiązany 18 razy
  • Średni wynik to 8 z 15

Statystyki odpowiedzi

PodpowiedźPaństwo% Poprawnych
Nie jest czworokątemNepal
93%
Ma najwięcej gwiazdStany Zjednoczone
93%
Posiada drzewo cedroweLiban
86%
Jest bardzo podobna do RumuniiCzad
71%
Ma najwięcej koloru zielonegoArabia Saudyjska
57%
Ma białą szableArabia Saudyjska
57%
Posiada czarny trójząbBarbados
57%
Ma najwięcej koloru pomarańczowegoBhutan
43%
Jest najstarszaDania
43%
Ma 9 żółtych gwiazd i leży w OceaniiTuvalu
43%
Ma kolor fioletowy (oprócz Nikaragui)Dominika
36%
Ma najwięcej koloru różowegoHiszpania
36%
Ma swój kontur na fladzeCypr
29%
Ma najwięcej paskówMalezja
21%
Ma najwięcej kolorówBelize
14%

Rozkład punktacji

Percentyl według liczby udzielonych odpowiedzi

Procent ludzi z każdym wynikiem

Twoja historia wyników

Nie rozwiązałeś tego quizu